header

The Civilization of the Renaissance in Italy (Record no. 226044)

MARC details
000 -LEADER
fixed length control field 01228nam a2200301Ia 4500
100 1# - MAIN ENTRY--AUTHOR NAME
Personal name Burckhardt, Jacob,
245 14 - TITLE STATEMENT
Title The Civilization of the Renaissance in Italy
260 ## - PUBLICATION, DISTRIBUTION, ETC. (IMPRINT)
Place of publication Kitchener, Ont. :
Name of publisher Batoche,
Year of publication 2001.
300 ## - PHYSICAL DESCRIPTION
Number of Pages 450 p.
500 ## - GENERAL NOTE
General note Originally published : [S.l. : s.n.], 1878.
650 #0 - SUBJECT ADDED ENTRY--TOPICAL TERM
Topical Term Renaissance
700 1# - ADDED ENTRY--PERSONAL NAME
Personal name Middlemore, S. G. C.
Personal name Geiger, Ludwig,
Personal name Goetz, Walter,
856 40 - ELECTRONIC LOCATION AND ACCESS
Uniform Resource Identifier http://site.ebrary.com/lib/rucke/Doc?id=2004651

No items available.

© 2026 Rongo University
Contact us: librarian | system librarian | Rongo university